| 000 | 01002nam a2200229Ia 4500 | ||
|---|---|---|---|
| 003 | OSt | ||
| 005 | 20210423115541.0 | ||
| 008 | 210310s2008 ag gr 000 0 spa d | ||
| 040 |
_aCO-JMCR _cCO-JMCR |
||
| 041 | 0 | _aspa | |
| 082 | 0 | 4 |
_a336.006 / _bT171r _223 |
| 100 | 1 |
_aTanzi, Vito, _915280 _eautor |
|
| 245 | 1 | 3 |
_aEl rol del Estado y de las Finanzas Publicas en la Próxima generación / _cVito Tanzi |
| 260 |
_aBuenos Aires : _bAsociación Internacional de Presupuesto Público, _c2008 |
||
| 300 |
_b57 páginas ; _c20 cm. |
||
| 490 | 0 |
_aCuadernos ASIP de experiencias comparadas. _aFinanzas públicas ; _v2 |
|
| 500 | _aIncluye notas a pie de página. | ||
| 504 | _aBibliografía: página 57 | ||
| 505 | 0 | _aGlobalización e impuestos -- El papel del gasto público -- Instrumentos fiscales para la intervención del Estado -- El futuro rol del Estado en los países avanzados -- El futuro rol económico del Estado en América Latina | |
| 650 | 1 | 4 |
_aFinanzas Públicas _915282 |
| 942 |
_2ddc _cBK |
||
| 999 |
_c7728 _d7728 |
||